[Event "Zaporozhye Ermak Cup 6th"]
[Site "Zaporozhye"]
[Date "2010.06.23"]
[Round "1"]
[White "Melnikov, Vladimir"]
[Black "Goreskul, Alyona"]
[Result "0-1"]
[WhiteElo "2195"]
[BlackElo "2228"]
[PlyCount "80"]
[EventDate "2010.06.23"]
[EventType "swiss"]
[EventRounds "9"]
[EventCountry "UKR"]
[SourceTitle "CBM 137 Extra"]
[Source "ChessBase"]
[SourceDate "2010.09.01"]
[SourceVersion "1"]
[SourceVersionDate "2010.09.01"]
[SourceQuality "1"]

1. d4 f5 2. c4 Nf6 3. Nf3 g6 4. g3 Bg7 5. Bg2 0-0 6. 0-0 d6 7. Nc3 Qe8 8. Bg5 c6 9. Qd2 e5 10. dxe5 dxe5 11. Bh6 e4 12. Nd4 Nbd7 13. Bxg7 Kxg7 14. Qf4 Ne5 15. b3 Qe7 16. Rad1 Bd7 17. f3 exf3 18. exf3 Rae8 19. Rfe1 Bc8 20. Re2 Qc5 21. Na4 Qa5 22. c5 Nd5 23. Qc1 f4 24. gxf4 Nxf4 25. Re3 Bh3 26. Bxh3 Nxh3+ 27. Kf1 Qc7 28. Qb2 Kf7 29. Qg2 Nf4 30. Qg5 Nd5 31. Re4 Qe7 32. Qh6 Kg8 33. Rde1 Qf6 34. Rh4 Re7 35. Rh3 Nf4 36. Rh4 Ned3 37. Re4 Rff7 38. Rhxf4 Nxf4 39. Nc3 Rxe4 40. Nxe4 Qxd4 0-1

[Event "Centrocoop Sept op"]
[Site "Eforie Nord"]
[Date "1999.09.??"]
[Round "?"]
[White "Melnikov, Vladimir"]
[Black "Chirpii, Alexandru"]
[Result "1/2-1/2"]
[WhiteElo "2195"]
[BlackElo "1650"]
[PlyCount "103"]
[EventDate "1999.09.??"]
[EventType "swiss"]
[EventRounds "11"]
[EventCountry "ROU"]
[SourceTitle "EXT 2004"]
[Source "ChessBase"]
[SourceDate "2003.11.25"]
[SourceVersion "1"]
[SourceVersionDate "2003.11.25"]
[SourceQuality "1"]

1. e4 e5 2. Nf3 Nc6 3. Bc4 Nf6 4. Ng5 d5 5. exd5 Na5 6. Bb5+ c6 7. dxc6 bxc6 8. Bd3 h6 9. Ne4 Nd5 10. 0-0 Be7 11. Be2 0-0 12. Nbc3 f5 13. Ng3 Rb8 14. d3 Qd6 15. a3 Qf6 16. Nxd5 cxd5 17. b4 Nc6 18. f4 e4 19. Rb1 Rd8 20. Bb2 Qf7 21. Qe1 Be6 22. Bh5 Qf8 23. c4 Bh4 24. cxd5 Bxd5 25. dxe4 Bc4 26. Be2 Bxe2 27. Qxe2 Ne7 28. Nxf5 Nxf5 29. exf5 Qxf5 30. g3 Bf6 31. Qc4+ Kh8 32. Bxf6 Qxf6 33. Qc5 a6 34. Rf2 Rd3 35. a4 Qd8 36. Kg2 Rc8 37. Qe5 Qd7 38. b5 Rd5 39. Qe2 axb5 40. Rxb5 Rd4 41. f5 Rxa4 42. Re5 Rf8 43. Qf3 Rd4 44. h4 Rd2 45. g4 Qd4 46. Rxd2 Qxd2+ 47. Kh3 Qd6 48. Re4 Qf6 49. Qe3 h5 50. Qg5 hxg4+ 51. Kxg4 Qa1 52. Qe3 1/2-1/2